[Event "POL-chT blind"]
[Site "Wagrowiec"]
[Date "2017.10.17"]
[Round "4.2"]
[White "Traczyk, Tadeusz"]
[Black "Hornik, Bronislaw"]
[Result "1-0"]
[WhiteElo "1820"]
[BlackElo "1807"]
[PlyCount "71"]
[EventDate "2017.10.14"]
[EventType "team-tourn"]
[EventRounds "9"]
[EventCountry "POL"]
[SourceTitle "EXT 2019"]
[Source "ChessBase"]
[SourceDate "2018.10.10"]
[SourceVersion "1"]
[SourceVersionDate "2018.10.10"]
[SourceQuality "1"]

1. e4 e6 2. d4 d5 3. Nc3 Bb4 4. e5 Bd7 5. a3 Be7 6. Qg4 g6 7. Nf3 h5 8. Qg3 Nh6 9. Bxh6 Rxh6 10. Qf4 g5 11. Qe3 Rh8 12. h3 Rg8 13. g4 h4 14. 0-0-0 b6 15. Kb1 c5 16. dxc5 bxc5 17. Qd2 a6 18. Bg2 Bc6 19. Rhe1 Nd7 20. Na2 Rb8 21. Ka1 Nb6 22. b3 a5 23. a4 Nd7 24. Qc1 Qb6 25. Nd2 Nxe5 26. Rxe5 Bf6 27. Nf3 c4 28. Nc3 cxb3 29. Nb5 Bxb5 30. axb5 Qxb5 31. cxb3 Qxb3 32. Rd4 Qb6 33. Rd2 Ke7 34. Qa3+ Qd6 35. Ka2 Bxe5 36. Nxe5 1-0

[Event "POL-chT blind"]
[Site "Wagrowiec"]
[Date "2017.10.14"]
[Round "1.2"]
[White "Hornik, Bronislaw"]
[Black "Wolanski, Michal"]
[Result "1/2-1/2"]
[WhiteElo "1807"]
[BlackElo "1923"]
[PlyCount "130"]
[EventDate "2017.10.14"]
[EventType "team-tourn"]
[EventRounds "9"]
[EventCountry "POL"]
[SourceTitle "EXT 2019"]
[Source "ChessBase"]
[SourceDate "2018.10.10"]
[SourceVersion "1"]
[SourceVersionDate "2018.10.10"]
[SourceQuality "1"]

1. e4 c5 2. Nf3 Nc6 3. d4 cxd4 4. Nxd4 g6 5. Be3 Bg7 6. Nc3 Nf6 7. Be2 0-0 8. 0-0 d5 9. exd5 Nxd5 10. Nxd5 Qxd5 11. Bf3 Qc4 12. b3 Qc3 13. Nxc6 bxc6 14. Rb1 Bf5 15. Rc1 Rfd8 16. Qe2 Rd6 17. Rfd1 a5 18. g4 Be6 19. Bd2 Qb2 20. Bg5 Qa3 21. Bf4 Rxd1+ 22. Rxd1 Qc5 23. c4 Qb6 24. Qe3 Qb7 25. Qc5 Qc8 26. Qxc6 Qxc6 27. Bxc6 Rc8 28. Bf3 f5 29. g5 Kf7 30. Bd2 Rc5 31. Be3 Rc8 32. c5 f4 33. Bxf4 Rxc5 34. Be3 Rb5 35. Be2 Re5 36. Bc4 Re4 37. Bd5 Re5 38. Bxe6+ Kxe6 39. Rc1 Rd5 40. Rc4 Be5 41. Kg2 Kd6 42. a4 Rd1 43. Bb6 Rb1 44. Bxa5 Rxb3 45. f4 Kd5 46. Rb4 Rxb4 47. Bxb4 Bxf4 48. Bxe7 h6 49. gxh6 Bxh6 50. Kf3 Bd2 51. Kg4 Ke4 52. Bc5 Kd5 53. Bb6 Kc6 54. Bd8 Kd5 55. Bg5 Bc3 56. Bf4 Bf6 57. a5 Kc6 58. Bg5 Bc3 59. Bd8 Bd2 60. h4 Kb5 61. Kf3 Be1 62. Kg4 Bxh4 63. Kxh4 Ka6 64. Kg5 Ka7 65. Kxg6 Kb7 1/2-1/2

[Event "POL-chT blind Gp-B"]
[Site "Mielno"]
[Date "2011.03.27"]
[Round "1.3"]
[White "Krol, Mariusz"]
[Black "Hornik, Bronislaw"]
[Result "1-0"]
[WhiteElo "2024"]
[BlackElo "1871"]
[PlyCount "88"]
[EventDate "2011.03.27"]
[EventType "team-tourn"]
[EventRounds "10"]
[EventCountry "POL"]
[SourceTitle "EXT 2019"]
[Source "ChessBase"]
[SourceDate "2018.10.10"]
[SourceVersion "1"]
[SourceVersionDate "2018.10.10"]
[SourceQuality "1"]

1. f4 Nf6 2. Nf3 g6 3. e3 d5 4. b3 Bg7 5. Bb2 Bg4 6. h3 Bxf3 7. Qxf3 c6 8. Nc3 0-0 9. 0-0-0 Nbd7 10. g4 Nc5 11. Ne2 Qa5 12. Kb1 Nfe4 13. d3 Nd2+ 14. Rxd2 Qxd2 15. Bc3 Qd1+ 16. Kb2 Nd7 17. Bg2 Qd2 18. d4 Qxc3+ 19. Nxc3 b5 20. Kb1 b4 21. Nd1 a5 22. Nb2 Nb6 23. Nd3 Rfb8 24. f5 a4 25. Qf4 axb3 26. cxb3 Rb7 27. Rc1 Rba7 28. Rc2 Bf8 29. Nxb4 e5 30. dxe5 Na4 31. Nxc6 Nc3+ 32. Rxc3 Rxa2 33. Bf3 Ra1+ 34. Kc2 R1a2+ 35. Kd3 Ra1 36. Kc2 R8a2+ 37. Kd3 Rf2 38. Rc2 Rff1 39. f6 h6 40. Ne7+ Kh7 41. Rc8 Ra3 42. Qb4 Bxe7 43. fxe7 Ra2 44. e8Q Rxf3 1-0

[Event "POL-ch sf blind"]
[Site "Zawoja Osrodek"]
[Date "2010.04.12"]
[Round "5.10"]
[White "Jelen, Janusz"]
[Black "Hornik, Bronislaw"]
[Result "1-0"]
[WhiteElo "1965"]
[BlackElo "1923"]
[PlyCount "93"]
[EventDate "2010.04.08"]
[EventType "swiss"]
[EventRounds "9"]
[EventCountry "POL"]
[SourceTitle "EXT 2023"]
[Source "ChessBase"]
[SourceDate "2022.10.05"]
[SourceVersion "1"]
[SourceVersionDate "2022.10.05"]
[SourceQuality "1"]

1. d4 d5 2. c4 c6 3. e3 Nf6 4. Nc3 e6 5. Nf3 Be7 6. Bd3 dxc4 7. Bxc4 0-0 8. e4 Re8 9. e5 Nd5 10. 0-0 Nd7 11. Ne4 Nf8 12. Nfg5 h6 13. Nf3 b5 14. Bd3 a6 15. Bd2 Bb7 16. Rc1 Rc8 17. Bb1 Qb6 18. Nc5 b4 19. Qc2 a5 20. Nd7 Qc7 21. Nxf8 Kxf8 22. Qh7 Bg5 23. Nxg5 hxg5 24. Qh8+ Ke7 25. Qxg7 Rf8 26. Bxg5+ Ke8 27. Bh6 Kd7 28. Qh7 Rfe8 29. Bg5 Rf8 30. Bg6 Ke8 31. Bh5 Ba6 32. Rfe1 b3 33. a3 Qb6 34. Rc5 Bb5 35. Bh6 Ke7 36. Bxf8+ Rxf8 37. Qg7 Bd3 38. Rec1 Bc2 39. Bf3 Ke8 40. Bxd5 exd5 41. Qf6 Rg8 42. e6 fxe6 43. Qxe6+ Kf8 44. Rxc6 Rxg2+ 45. Kxg2 Qxd4 46. Rc8+ Kg7 47. Rc7+ 1-0

[Event "POL-chT blind"]
[Site "Mielno"]
[Date "2010.03.24"]
[Round "5.2"]
[White "Falkowski, Dawid"]
[Black "Hornik, Bronislaw"]
[Result "1-0"]
[WhiteElo "2089"]
[BlackElo "1923"]
[PlyCount "84"]
[EventDate "2010.03.21"]
[EventType "team-tourn"]
[EventRounds "10"]
[EventCountry "POL"]
[SourceTitle "EXT 2011"]
[Source "ChessBase"]
[SourceDate "2010.11.26"]
[SourceVersion "1"]
[SourceVersionDate "2010.11.26"]
[SourceQuality "1"]

1. e4 e6 2. Nc3 d5 3. Nf3 Nf6 4. e5 Nfd7 5. d4 Nc6 6. a3 Be7 7. Bd3 f5 8. g4 fxg4 9. Nd2 Nxd4 10. Qxg4 Nf5 11. Bxf5 exf5 12. Qxg7 Rf8 13. Nf3 Rf7 14. Qh6 Nf8 15. Bg5 c6 16. 0-0-0 Ne6 17. Rhg1 Bd7 18. Rg2 Nxg5 19. Rxg5 Bxg5+ 20. Nxg5 Qe7 21. e6 Rf6 22. Qh5+ Kd8 23. exd7 Kxd7 24. Nf3 Qg7 25. Ne5+ Kc7 26. Qf3 Rd8 27. Ne2 Re6 28. Nd3 Qg5+ 29. Qf4+ Qxf4+ 30. Nexf4 Rh6 31. h3 Rh4 32. Ne6+ Kd7 33. Nxd8 Kxd8 34. Rh1 Ke7 35. Kd2 Kf6 36. Ke3 b6 37. f4 a5 38. Ne1 d4+ 39. Kf3 Ke6 40. Nd3 Kd5 41. Ne5 c5 42. Kg3 Rh5 1-0

[Event "POL-chT blind"]
[Site "Mielno"]
[Date "2010.03.22"]
[Round "3.7"]
[White "Dukaczewski, Piotr"]
[Black "Hornik, Bronislaw"]
[Result "1-0"]
[WhiteElo "2315"]
[BlackElo "1923"]
[PlyCount "57"]
[EventDate "2010.03.21"]
[EventType "team-tourn"]
[EventRounds "10"]
[EventCountry "POL"]
[SourceTitle "EXT 2011"]
[Source "ChessBase"]
[SourceDate "2010.11.26"]
[SourceVersion "1"]
[SourceVersionDate "2010.11.26"]
[SourceQuality "1"]

1. e4 e6 2. d4 d5 3. Nd2 Nc6 4. Ngf3 Nf6 5. e5 Nd7 6. Bb5 a5 7. 0-0 Na7 8. Bd3 c5 9. c3 Nc6 10. Re1 a4 11. Nf1 cxd4 12. cxd4 Nb4 13. Bb1 Nb6 14. Ng5 g6 15. Qf3 Qe7 16. Bd2 Nc6 17. Bd3 h6 18. Nh3 g5 19. Ng3 a3 20. b3 Bd7 21. Nh5 Kd8 22. Rac1 Kc7 23. b4 Kb8 24. Rb1 Na4 25. b5 Nxd4 26. Qe3 Nf5 27. Bxf5 exf5 28. e6 Qxe6 29. Qd4 1-0

[Event "Ramsowo Grunwald Cup 24th"]
[Site "Ramsowo"]
[Date "2009.09.26"]
[Round "9.3"]
[White "Hornik, Bronislaw"]
[Black "Gunajew, Rafal"]
[Result "1/2-1/2"]
[WhiteElo "1900"]
[BlackElo "2261"]
[PlyCount "111"]
[EventDate "2009.09.19"]
[EventType "swiss"]
[EventRounds "9"]
[EventCountry "POL"]
[SourceTitle "EXT 2023"]
[Source "ChessBase"]
[SourceDate "2022.10.05"]
[SourceVersion "1"]
[SourceVersionDate "2022.10.05"]
[SourceQuality "1"]

1. d4 c5 2. Nf3 cxd4 3. Nxd4 e5 4. Nb3 Nf6 5. Bg5 Be7 6. Bxf6 Bxf6 7. e4 0-0 8. Nc3 Nc6 9. Bc4 a6 10. 0-0 Kh8 11. Nd5 Bg5 12. c3 b5 13. Bd3 d6 14. a4 Rb8 15. axb5 axb5 16. Qe2 b4 17. Bb5 Bd7 18. Bxc6 Bxc6 19. Nxb4 Bb5 20. c4 Bd7 21. Qe1 Qb6 22. Na6 Ra8 23. Nb4 Rab8 24. Na6 Qxb3 25. Nxb8 Rxb8 26. Qe2 Be6 27. Ra3 Qxc4 28. Qxc4 Bxc4 29. Rfa1 g6 30. Ra8 Rxa8 31. Rxa8+ Kg7 32. b4 Kf6 33. Rb8 Bd3 34. f3 Be3+ 35. Kh1 Ke6 36. b5 f5 37. b6 Kd7 38. b7 Kc7 39. Rc8+ Kxb7 40. Rc3 fxe4 41. fxe4 Bxe4 42. Rxe3 d5 43. Rc3 Kb6 44. Kg1 d4 45. Rc1 Bf5 46. h3 g5 47. Kf2 e4 48. g4 Bd7 49. Rc4 e3+ 50. Ke1 d3 51. Re4 h5 52. Rxe3 hxg4 53. hxg4 Bxg4 54. Rg3 Be2 55. Rxg5 Kc6 56. Kd2 1/2-1/2

[Event "Ramsowo Grunwald Cup 24th"]
[Site "Ramsowo"]
[Date "2009.09.21"]
[Round "3.9"]
[White "Staruch, Roman"]
[Black "Hornik, Bronislaw"]
[Result "0-1"]
[WhiteElo "1987"]
[BlackElo "1900"]
[PlyCount "66"]
[EventDate "2009.09.19"]
[EventType "swiss"]
[EventRounds "9"]
[EventCountry "POL"]
[SourceTitle "EXT 2023"]
[Source "ChessBase"]
[SourceDate "2022.10.05"]
[SourceVersion "1"]
[SourceVersionDate "2022.10.05"]
[SourceQuality "1"]

1. e4 e6 2. d4 d5 3. e5 c5 4. c3 Nc6 5. Nf3 Nge7 6. Bd3 Ng6 7. 0-0 Be7 8. Be3 c4 9. Be2 0-0 10. b3 cxb3 11. axb3 f6 12. exf6 Bxf6 13. c4 Bd7 14. Nc3 Be8 15. Qd2 Bf7 16. cxd5 exd5 17. Ra2 Nb4 18. Ra4 a5 19. Rc1 Rc8 20. Bg5 b6 21. Raa1 Kh8 22. Nb5 Bxg5 23. Nxg5 Bg8 24. Bg4 Rxc1+ 25. Rxc1 Nf4 26. Rc8 Qxg5 27. Rxf8 Nh3+ 28. gxh3 Qxd2 29. Nd6 Qe1+ 30. Kg2 Qe7 31. Nf7+ Qxf7 32. Rxf7 Bxf7 33. Kf3 Nc2 0-1